000 00301nam a22001337a 4500
008 170713b xxu||||| |||| 00| 0 eng d
020 _a9780395305379
041 _aeng
080 _a101
100 _a24
101 _aFIL
245 _aTHE SEVEN MYSTERIES OF LIFE
_cMURCHE.G
942 _2udc
_cBK
999 _c20518
_d20518